MDQL
is popping MORE tags! Check the
thread
!
Quizzes
Events
Quiz Creation
Community
Videos
Private Events
Remove Ads
Sign In
Join for FREE
Feedback
Dark Mode
Quiz Categories
Sports
Geography
Music
Movies
Television
Just For Fun
Miscellaneous
History
Literature
Language
Science
Gaming
Entertainment
Religion
Holiday
For Kids
Quiz Lab
Recent
Popular Today
Quiz Kudos Today
Editor Picks
Curator Picks
Quizzes by...
Day
Popularity
Type
Ratings
Length
Year
Community
Subscriptions
Recent Discussions
Orange Saloon
Badges
Playlists
Quests
Create
Leaderboards
Showdown
Live 5
Trivia Bingo
Activity
Puzzle Library
Sporcle Events
Private Events
Virtual Trivia
Globe League
Become a Host
Pub Owners
SporcleCon
Opinionation
Our Games
Videos
Blog
Mobile Apps
Partnerships
Remove Ads and Go Orange
Feedback
Gaming
Video Games
Board Games
Card Games
Pokémon
Mario
Nintendo
Minecraft
Console
Toys
Legend of Zelda
Gaming
Video Games
Board Games
Card Games
Pokémon
Mario
Nintendo
Minecraft
Console
Toys
Legend of Zelda
Random Quiz
Search Sporcle
×
Quiz Lab
Quiz Lab
Gaming
Learn
Type in answers that appear in a list
Type in answers that appear in a list
Classic
Best Score? Go Orange.
Moveset Quiz: Hydreigon Stats
Can you name the moves that Hydreigon can learn?
By
GeneralSecura
15m
82 Questions
112 Plays
112 Plays
112 Plays
Comments
Comments
Give Quiz Kudos
Give Quiz Kudos
-
- Ratings
hide this ad
Replay
Link that replays current quiz
Next Quiz
Link to next quiz in quiz playlist
You Got
0%
They Got
Avg Score
76%
Avg Friend Score
Upgrade to see
Score Distribution
Jump to the score distribution portion of the page
Score
0/82
Timer
15:00
0
Plays Today
Move
% Correct
Flamethrower
97.3%
Dragon Pulse
93.8%
Fire Blast
92.9%
Dark Pulse
92%
Bite
91.1%
Dragon Rush
91.1%
Fly
91.1%
Crunch
90.2%
Hyper Beam
90.2%
Dragon Tail
90.2%
Surf
90.2%
Dragon Rage
88.4%
Strength
88.4%
Dragonbreath
87.5%
Draco Meteor
86.6%
Giga Impact
85.7%
Iron Tail
85.3%
Earthquake
84.8%
Focus Blast
84.8%
Rock Slide
84.8%
Rock Smash
84.8%
Toxic
83.9%
Fire Fang
83.9%
Thunder Fang
83.9%
Outrage
83%
Protect
83%
Roar
82.1%
Sunny Day
81.3%
Move
% Correct
Rain Dance
80.4%
Frustration
80.4%
Return
80.4%
Earth Power
80.4%
Ice Fang
80.4%
Body Slam
79.5%
Rest
79.5%
Tackle
79.5%
Taunt
78.6%
Attract
78.6%
Headbutt
77.7%
Rock Tomb
77.7%
Flash Cannon
77.7%
Assurance
77.7%
Sleep Talk
77.5%
Snore
77.5%
Round
76.8%
Work Up
75.9%
Double Team
75.9%
Substitute
75.9%
Screech
75%
Tri Attack
74.1%
Payback
74.1%
Thunder Wave
74.1%
Zen Headbutt
73.5%
Hyper Voice
73.2%
Hidden Power
73.2%
Swagger
73.2%
Move
% Correct
Torment
72.3%
Incinerate
72.3%
Roost
70.6%
Focus Energy
70.5%
Stone Edge
70.5%
Slam
69.6%
Facade
69.6%
Aqua Tail
69.6%
Superpower
68.6%
Uproar
68.6%
Scary Face
67.9%
Bulldoze
67%
Double Hit
67%
Head Smash
67%
U-Turn
65.2%
Heat Wave
64.7%
Thief
63.4%
Echoed Voice
63.4%
Acrobatics
63.4%
Reflect
61.6%
Charge Beam
61.6%
Astonish
59.8%
Tailwind
56.9%
Psych Up
56.3%
Spite
54.9%
Signal Beam
52.9%
Quiz Playlist
Details
Report
Send in Message
Add To Playlist
Classic:
Type in answers that appear in a list
Last Updated: Feb 16, 2017
Quiz Scoreboard
CHALLENGE
Sign Up to Join the Scoreboard
Show All
Scores
Hide
Comments
May contain spoilers
Recently Published
Image Sorting: Flags VI
by Barbecue
Geography
2m
Find the 'City' Movie
by crazypaving
Movies
60s
Colored Red Africa Blitz
by spor1
Geography
45s
More to Explore
Quiz From the Vault
Featured Blog Post
14 Easter Pick-up Lines to Find Eggs With
hide this ad
You Might Also Like...
Tags
Learn
Manner
Moveset
Today's Top Quizzes in Gaming
Browse Gaming
hide this ad
Today's Top Quizzes in Learn
Browse Learn
Top Contributed Quizzes in Gaming
1
League of Legends Pro Players by Career/Team History
2
Destiny 2 exotic weapons by perk icons
3
Genshin murder mystery
4
Dead By Daylight Logic Puzzle
5
Genshin Impact Logic Puzzle
6
Overwatch Logic Puzzle
7
4x4 Decades: Video Games
8
Who's on the WWE 2K24 Cover?
9
Overwatch 2: Ultimate Ability Icons
10
Valorant Agent Developer Names (Up to Clove)
Explore More
Trending Topics
Harry Potter
Kpop
Disney
Marvel
Anime
NBA
Crossword
Song
Puzzle
The Office
Country
NFL
Pokémon
WWE
Soccer
hide this ad
More By:
GeneralSecura
Quiz
Plays
Rating
Category
Featured
Created
Ben 10 Alien Species Match
5,971
4.71
Television
Feb 4, 2013
Marvel VS Capcom Characters
4,345
4.73
Gaming
Aug 22, 2011
Pokémon Characters
2,641
4.25
Gaming
Sep 30, 2013
Pokémon of Gym Leaders (Stadium Edition)
2,077
4.71
Gaming
Nov 1, 2011
Name that Digimon
1,819
3.00
Gaming
Mar 19, 2019
Go to Creator's Profile
Score Distribution
Quiz Creator Spotlight
GeneralSecura
Follow
Send a Message
Quizzes Created
-
Created Quiz Play Count
-
More By This Creator
Popular Quizzes Today
1
Colored Red Africa Blitz
2
Find the US States - No Outlines Minefield
3
Find the 'City' Movie
4
5x2 Blitz: Bands
5
The Countries of the World
6
Find the US States
7
Find the Countries of Europe - No Outlines Minefield
8
US States
More Gaming Quizzes
Overwatch 2 Heroes (A-Z)
Quiz Lab
Trending Quizzes
Colored Red Europe Blitz I
Colored Red Europe Blitz II
Colored Red Africa Blitz II
Colored Red Europe Blitz III
Colored Red Africa Blitz III
Recently Updated
How Do You Spell That?
pecheneg
Godzilla Movies
pecheneg
Grab Bag: 4-10 Letters
pecheneg
2024 March Madness Bracket
pecheneg
Famous TV Couples
Peacemaker
Champions League XIs: Real Madrid
pecheneg
Largest US Cities 1790-2010
pecheneg
Rides in Walt Disney World
pecheneg
Most Oscar Losses (Acting)
pecheneg
Beyoncé Albums
pecheneg
Trending Topics
Crossword
Harry Potter
Kpop
Disney
Anime
NBA
Marvel
Puzzle
WWE
Song
Country
Soccer
Pokémon
The Office
NFL
Your Account Isn't Verified!
In order to create a playlist on Sporcle, you need to verify the email address you used during registration. Go to your
Sporcle Settings
to finish the process.
Report this User
Report this user for behavior that violates our
Community Guidelines
.
Details:
Send Report
Go to the Sporcle.com Mobile Site →
Comments